| 000 | 00439cam a2200181 i 4500 | ||
|---|---|---|---|
| 020 |
_a083482714X. _a0834827158 |
||
| 040 | _cDLC | ||
| 082 | 0 | 0 | _a730 WEA 1974 A111 Or. |
| 100 | 1 | _aMiki, Fumio, | |
| 245 | 0 | 0 | _aHaniwa / |
| 250 | _a1st ed. | ||
| 260 |
_aNew York : _bWeatherhill, _c1974. |
||
| 300 |
_a151 p. : _bill. (some col.) ; _c23 cm. |
||
| 490 | 0 | _aArts of Japan ; | |
| 500 | _aIncludes index. | ||
| 650 | 0 | _aHaniwa. | |
| 942 | _cEK | ||
| 999 |
_c17168 _d17168 |
||